Red, White, & Blue Flags - Sudden Death - Statistics

General Stats
  • This quiz has been taken 181,081 times
    181,057 since last reset
  • The average score is 8 of 17
Answers on the Grid
Answers color-coded by a green-red scale on the quiz's grid according to % correct below.
Australia
Brazil
Costa Rica
Cuba
France
Guatemala
Haiti
Iceland
India
Ireland
Italy
Liberia
Montenegro
Nepal
Nicaragua
North Korea
Norway
Panama
Papua New Guinea
Philippines
Russia
Samoa
Slovakia
South Africa
South Korea
Spain
Sweden
Taiwan
Thailand
United Kingdom
United States
Zimbabwe
 
Answer Stats
Answer % Correct
France
86%
Australia
80%
Cuba
62%
Costa Rica
61%
Russia
57%
Iceland
53%
United Kingdom
53%
United States
53%
Norway
50%
North Korea
43%
Panama
36%
Thailand
36%
Slovakia
33%
Liberia
31%
Nepal
28%
Taiwan
23%
Samoa
17%
No matching quizzes found
Score Distribution
Percent of People with Each Score
Percentile by Number Answered
Your Score History
You have not taken this quiz since the last reset